[Event "New Delhi Matrix op 3rd"]
[Site "New Delhi"]
[Date "2024.04.06"]
[Round "2"]
[White "Neelash, Saha"]
[Black "Ananya, Anamika"]
[Result "1-0"]
[WhiteElo "2464"]
[BlackElo "1606"]
[PlyCount "91"]
[EventDate "2024.04.06"]
[EventType "swiss"]
[EventRounds "9"]
[EventCountry "IND"]
[SourceTitle "CB16_2024"]
[SourceDate "2024.04.17"]
[SourceVersion "1"]
[SourceVersionDate "2024.04.17"]
[SourceQuality "1"]

1. d4 d5 2. c4 e6 3. Nf3 Nf6 4. Nc3 Be7 5. Bf4 a6 6. e3 0-0 7. cxd5 exd5 8. Qc2 Bg4 9. Ne5 Nc6 10. Nxg4 Nxg4 11. Be2 Nf6 12. Bf3 Bb4 13. Bg5 Ne7 14. Bxf6 gxf6 15. 0-0 Bxc3 16. bxc3 b5 17. e4 c6 18. Rfe1 Qd7 19. Qd2 Ng6 20. Qh6 Rae8 21. Re3 f5 22. exd5 cxd5 23. h4 Rxe3 24. fxe3 f6 25. h5 Ne7 26. Kf2 Qc7 27. Rh1 f4 28. Qxf4 Qxf4 29. exf4 Rc8 30. Rc1 b4 31. Ke2 bxc3 32. Kd3 c2 33. Rxc2 Rxc2 34. Kxc2 Kf8 35. Kb3 Nf5 36. Kc3 Ng7 37. g4 Ne6 38. f5 Nf4 39. Kd2 Ke7 40. Ke3 Nh3 41. Bxd5 Kd6 42. Bb7 a5 43. Bg2 Ng5 44. Kd3 Nf7 45. Kc4 Nd8 46. Kb5 1-0

[Event "IND-chT 43rd"]
[Site "Dharamshala"]
[Date "2024.04.01"]
[Round "5.4"]
[White "Neelash, Saha"]
[Black "Tejas Shah, Jihan"]
[Result "1-0"]
[WhiteElo "2463"]
[BlackElo "2016"]
[PlyCount "98"]
[EventDate "2024.03.29"]
[EventType "team-swiss"]
[EventRounds "9"]
[EventCountry "IND"]
[SourceTitle "CB15_2024"]
[SourceDate "2024.04.10"]
[SourceVersion "1"]
[SourceVersionDate "2024.04.10"]
[SourceQuality "1"]
[WhiteTeam "Railway Sport PB"]
[BlackTeam "Gujarat"]
[WhiteTeamCountry "IND"]
[BlackTeamCountry "IND"]

1. d4 Nf6 2. c4 g6 3. Nc3 Bg7 4. e4 d6 5. h3 0-0 6. Be3 e5 7. d5 Na6 8. g4 Nc5 9. f3 a5 10. h4 c6 11. h5 cxd5 12. cxd5 a4 13. Qd2 Qa5 14. Nge2 b5 15. Ng3 Bd7 16. g5 Ne8 17. Rc1 Nc7 18. Kf2 Rfc8 19. Kg1 b4 20. Nd1 Nb5 21. hxg6 hxg6 22. Bxb5 Qxb5 23. Nf2 Rc7 24. Nd3 Rac8 25. Nxc5 dxc5 26. Qh2 c4 27. Ne2 c3 28. bxc3 b3 29. axb3 axb3 30. Kf2 Qa6 31. Ra1 Qd6 32. Qh7+ Kf8 33. Rhb1 Rb7 34. Rb2 Qc7 35. f4 Qc4 36. f5 gxf5 37. exf5 Qd3 38. Ng3 Rxc3 39. Ra8+ Bc8 40. Rxc8+ Rxc8 41. Nh5 Rc2+ 42. Rxc2 Qxc2+ 43. Kg3 b2 44. Qxg7+ Ke7 45. Qxe5+ Kd8 46. Qd6+ Kc8 47. Qf8+ Kc7 48. d6+ Kc6 49. Qc8+ Kd5 1-0

[Event "Bijnor op"]
[Site "Bijnor"]
[Date "2024.03.21"]
[Round "9"]
[White "Neelash, Saha"]
[Black "Mahindrakar, Indrajeet"]
[Result "1/2-1/2"]
[WhiteElo "2463"]
[BlackElo "2136"]
[PlyCount "89"]
[EventDate "2024.03.17"]
[EventType "swiss"]
[EventRounds "9"]
[EventCountry "IND"]
[SourceTitle "CB13_2024"]
[SourceDate "2024.03.27"]
[SourceVersion "1"]
[SourceVersionDate "2024.03.27"]
[SourceQuality "1"]

1. d4 Nf6 2. c4 c5 3. d5 b5 4. Qc2 bxc4 5. e4 d6 6. Bxc4 g6 7. Nf3 Bg7 8. 0-0 0-0 9. h3 Nbd7 10. Nc3 Nb6 11. Bb5 Bd7 12. Be3 Bxb5 13. Nxb5 a6 14. Na3 Nfd7 15. Rad1 Qc7 16. Rfe1 Qb7 17. Bg5 Ne5 18. Nd2 f5 19. exf5 Rxf5 20. f4 Nxd5 21. fxe5 Rxg5 22. Nf3 Rf5 23. exd6 exd6 24. Nc4 Rd8 25. Re6 Rxf3 26. gxf3 Bd4+ 27. Kh2 Qf7 28. Qe4 Nf4 29. Rxd6 Re8 30. R1xd4 Rxe4 31. Rxe4 Qf5 32. Kg3 Qg5+ 33. Kf2 Nxh3+ 34. Ke2 Ng1+ 35. Kd3 Nxf3 36. Ne3 c4+ 37. Nxc4 Qf5 38. Ke3 Ng5 39. Re5 Qh3+ 40. Ke2 Qg4+ 41. Kd3 Nf7 42. Re8+ Kg7 43. Rd4 Qf5+ 44. Kc3 h5 45. a4 1/2-1/2

[Event "Bhubaneswar SOA op 1st"]
[Site "Bhubaneswar"]
[Date "2024.02.04"]
[Round "10"]
[White "Neelash, Saha"]
[Black "Vignesh, Advaith Vemula"]
[Result "1-0"]
[WhiteElo "2446"]
[BlackElo "2028"]
[PlyCount "61"]
[EventDate "2024.01.28"]
[EventType "swiss"]
[EventRounds "10"]
[EventCountry "IND"]
[SourceTitle "CB06_2024"]
[SourceDate "2024.02.07"]
[SourceVersion "1"]
[SourceVersionDate "2024.02.07"]
[SourceQuality "1"]

1. d4 d5 2. c4 e6 3. Nf3 Nf6 4. Nc3 Be7 5. Bf4 0-0 6. e3 b6 7. Bd3 Bb7 8. cxd5 exd5 9. 0-0 c5 10. dxc5 bxc5 11. Qe2 Nbd7 12. Rfd1 Qb6 13. b3 Rfd8 14. Rac1 Rac8 15. Bf5 g6 16. Bh3 Ra8 17. Bg5 Qc6 18. Nxd5 Nxd5 19. Bxe7 Re8 20. Bxd7 Qxd7 21. Bxc5 Qg4 22. Bd6 Rac8 23. h3 Qe6 24. Rxc8 Rxc8 25. Be5 f6 26. e4 Nb6 27. Bd4 Qxe4 28. Qxe4 Bxe4 29. Bxf6 Rc2 30. Ng5 Bd5 31. Re1 1-0

[Event "Bhubaneswar SOA op 1st"]
[Site "Bhubaneswar"]
[Date "2024.01.30"]
[Round "3"]
[White "Aquino, Jethro Dino"]
[Black "Neelash, Saha"]
[Result "1/2-1/2"]
[WhiteElo "2166"]
[BlackElo "2446"]
[PlyCount "155"]
[EventDate "2024.01.28"]
[EventType "swiss"]
[EventRounds "10"]
[EventCountry "IND"]
[SourceTitle "CB06_2024"]
[SourceDate "2024.02.07"]
[SourceVersion "1"]
[SourceVersionDate "2024.02.07"]
[SourceQuality "1"]

1. e4 c6 2. d4 d5 3. f3 dxe4 4. fxe4 e5 5. Nf3 Bg4 6. Bc4 Nd7 7. c3 Bd6 8. 0-0 Ngf6 9. Bg5 b5 10. Bb3 Qb6 11. Nbd2 c5 12. Bxf6 gxf6 13. Bd5 Rc8 14. a4 a6 15. Kh1 exd4 16. cxd4 cxd4 17. Nb3 Ne5 18. Qxd4 Rb8 19. axb5 Qxb5 20. Nh4 Be7 21. Nf5 Bxf5 22. Rxf5 Rg8 23. Qf2 Qb6 24. Qh4 Rg7 25. Qh6 Kf8 26. h3 Kg8 27. Raf1 Kh8 28. g4 a5 29. Qd2 a4 30. Nd4 Qxb2 31. Qxb2 Rxb2 32. R5f2 Rxf2 33. Rxf2 Bc5 34. Rd2 Bxd4 35. Rxd4 h5 36. Rxa4 hxg4 37. hxg4 Rxg4 38. Ra3 Kg7 39. Kh2 Rg5 40. Rg3 Ng6 41. Kg2 Nf4+ 42. Kf2 Kf8 43. Rf3 Nxd5 44. exd5 Ke7 45. Rd3 Re5 46. d6+ Kd7 47. Kf3 Re6 48. Kf4 Rxd6 49. Re3 Re6 50. Ra3 Ke7 51. Ra7+ Kf8 52. Kf5 Kg7 53. Ra1 Re5+ 54. Kf4 Rg5 55. Ra8 Rg1 56. Ra5 Rf1+ 57. Kg4 Kg6 58. Ra6 Re1 59. Kf4 Re6 60. Ra5 f5 61. Ra8 Re4+ 62. Kf3 Rb4 63. Rc8 Rb1 64. Ra8 Kf6 65. Rc8 Ra1 66. Rb8 Rf1+ 67. Kg2 Rf4 68. Kg3 Rg4+ 69. Kf3 Kg7 70. Rb5 Kg6 71. Rb8 Rd4 72. Rg8+ Kf6 73. Ra8 Ke7 74. Ra5 Ke6 75. Ra8 f4 76. Ra5 Kf6 77. Rb5 Ra4 78. Rc5 1/2-1/2

[Event "Bhubaneswar SOA op 1st"]
[Site "Bhubaneswar"]
[Date "2024.01.29"]
[Round "2"]
[White "Neelash, Saha"]
[Black "Nikhil, Koshta"]
[Result "1-0"]
[WhiteElo "2446"]
[BlackElo "1900"]
[PlyCount "101"]
[EventDate "2024.01.28"]
[EventType "swiss"]
[EventRounds "10"]
[EventCountry "IND"]
[SourceTitle "CB06_2024"]
[SourceDate "2024.02.07"]
[SourceVersion "1"]
[SourceVersionDate "2024.02.07"]
[SourceQuality "1"]

1. d4 Nf6 2. c4 g6 3. Nc3 Bg7 4. e4 d6 5. h3 0-0 6. Be3 c5 7. d5 e6 8. Bd3 a6 9. Nf3 Nbd7 10. a4 e5 11. g4 Rb8 12. Nd2 Ne8 13. Nf1 f6 14. h4 Rf7 15. Qd2 Nf8 16. f3 f5 17. Bg5 Qa5 18. gxf5 gxf5 19. h5 Bd7 20. Rg1 fxe4 21. Bxe4 Kh8 22. Qg2 b5 23. h6 Bf6 24. Bd2 Bh4+ 25. Kd1 Nf6 26. Nxb5 Qd8 27. Nxd6 Bxa4+ 28. Rxa4 Qxd6 29. Bf5 Ng6 30. Qh2 Nxd5 31. Bxg6 Nc3+ 32. bxc3 hxg6 33. Qxh4 Qd3 34. Ra1 Rxf3 35. Qe1 e4 36. Rc1 Qxc4 37. Qe2 Qf7 38. Be3 Rd8+ 39. Ke1 Rd3 40. Rd1 Qd5 41. c4 Rxd1+ 42. Qxd1 Qe5 43. Qd8+ Kh7 44. Qd7+ Kh8 45. Qg7+ Qxg7 46. hxg7+ Kxg7 47. Ke2 Rh3 48. Rg5 Rh8 49. Rxc5 Rb8 50. Rc7+ Kg8 51. Rc6 1-0

[Event "Bangalore op 1st"]
[Site "Bangalore"]
[Date "2024.01.25"]
[Round "9"]
[White "Iniyan, Panneerseluam"]
[Black "Neelash, Saha"]
[Result "1/2-1/2"]
[WhiteElo "2515"]
[BlackElo "2446"]
[PlyCount "107"]
[EventDate "2024.01.18"]
[EventType "swiss"]
[EventRounds "10"]
[EventCountry "IND"]
[SourceTitle "CB05_2024"]
[SourceDate "2024.01.31"]
[SourceVersion "1"]
[SourceVersionDate "2024.01.31"]
[SourceQuality "1"]

1. d4 Nf6 2. c4 e6 3. Nf3 d5 4. Nc3 Be7 5. Bf4 0-0 6. e3 Nbd7 7. c5 Nh5 8. Bd3 Nxf4 9. exf4 b6 10. b4 a5 11. a3 c6 12. 0-0 Ba6 13. Bxa6 Rxa6 14. Qe2 Qa8 15. b5 cxb5 16. Qxb5 Ra7 17. c6 Nb8 18. Rfc1 Rc7 19. Ne5 Rfc8 20. Qxb6 Nxc6 21. Nb5 Rb7 22. Nxc6 Bf8 23. Ne7+ Bxe7 24. Rxc8+ Qxc8 25. Qxa5 Qb8 26. a4 Qxf4 27. g3 Qb8 28. Rc1 g6 29. Rc6 Kg7 30. Kg2 h5 31. h4 Bd8 32. Qa6 Be7 33. Qa5 Bd8 34. Qd2 Rxb5 35. axb5 Qxb5 36. Rc8 Bf6 37. Qc3 Qb7 38. Re8 Be7 39. Qa5 Kh7 40. Qa4 Bf6 41. Qa3 Qb1 42. Rf8 Qb7 43. Re8 Qb1 44. Qf8 Qe4+ 45. Kg1 Qe1+ 46. Kg2 Qe4+ 47. Kh2 Qf5 48. Qxf7+ Kh6 49. Qf8+ Kh7 50. Kg2 Qe4+ 51. Kg1 Qe1+ 52. Kg2 Qe4+ 53. Kh2 Qf5 54. Kg2 1/2-1/2

[Event "Bangalore op 1st"]
[Site "Bangalore"]
[Date "2024.01.21"]
[Round "5"]
[White "Pranav, Anand"]
[Black "Neelash, Saha"]
[Result "1/2-1/2"]
[WhiteElo "2513"]
[BlackElo "2446"]
[PlyCount "76"]
[EventDate "2024.01.18"]
[EventType "swiss"]
[EventRounds "10"]
[EventCountry "IND"]
[SourceTitle "CB05_2024"]
[SourceDate "2024.01.31"]
[SourceVersion "1"]
[SourceVersionDate "2024.01.31"]
[SourceQuality "1"]

1. e4 e5 2. Nf3 Nf6 3. d4 Nxe4 4. Bd3 Nc6 5. Nxe5 Nxe5 6. dxe5 Nc5 7. Bc4 d6 8. Qf3 Ne6 9. exd6 Bxd6 10. Be3 Qe7 11. Nc3 Nd4 12. Qxf7+ Qxf7 13. Bxf7+ Kxf7 14. Bxd4 Re8+ 15. Be3 b6 16. Nb5 Be5 17. 0-0-0 a6 18. Nd4 Bb7 19. Nf3 Bxf3 20. gxf3 Rad8 21. c3 Ke6 22. Rde1 Kf5 23. Kc2 g6 24. a4 Rd7 25. a5 b5 26. h3 Bd6 27. Rhg1 Rf7 28. Rg4 Ke6 29. f4 Kd7 30. Rd1 Kc6 31. Kd3 Re6 32. b4 h5 33. Rg3 Bxf4 34. Rf3 Rd7+ 35. Bd4 Bh6 36. Rg1 Bg7 37. Re3 Red6 38. Re4 Bxd4 1/2-1/2

[Event "Indore op 2nd"]
[Site "Indore"]
[Date "2024.01.13"]
[Round "7"]
[White "Neelash, Saha"]
[Black "Aswath, S."]
[Result "1-0"]
[WhiteElo "2446"]
[BlackElo "2369"]
[PlyCount "95"]
[EventDate "2024.01.09"]
[EventType "swiss"]
[EventRounds "10"]
[EventCountry "IND"]
[SourceTitle "CB03_2024"]
[SourceDate "2024.01.17"]
[SourceVersion "1"]
[SourceVersionDate "2024.01.17"]
[SourceQuality "1"]

1. d4 d5 2. c4 e6 3. Nf3 Nf6 4. Nc3 c6 5. e3 Nbd7 6. Be2 dxc4 7. a4 a6 8. 0-0 Bd6 9. Nd2 0-0 10. Nxc4 Bc7 11. f4 c5 12. dxc5 Nxc5 13. Qc2 Nd5 14. Nxd5 exd5 15. Rd1 Be6 16. Nd2 Bb6 17. a5 Ba7 18. b4 Nd7 19. Nf3 Rc8 20. Qb1 Nf6 21. Bd3 Ng4 22. Re1 Qf6 23. Ra3 Qxf4 24. Bxh7+ Kh8 25. Bc2 Qc4 26. Ba4 d4 27. Ng5 f5 28. h3 Nxe3 29. Bxe3 dxe3 30. Bb3 e2+ 31. Kh1 Qxb4 32. Bxe6 Qxa3 33. Bxc8 Qg3 34. Nf3 Rxc8 35. Qxf5 Rd8 36. Qc2 Bb8 37. Qxe2 Rf8 38. Qd3 Bd6 39. Re4 Bf4 40. Qd4 Rf6 41. Re8+ Kh7 42. Qd8 Bd6 43. Rh8+ Kg6 44. Qe8+ Rf7 45. Qe6+ Rf6 46. Qe4+ Rf5 47. Nh4+ Qxh4 48. Rxh4 1-0

[Event "Meghalaya op 1st"]
[Site "Shillong"]
[Date "2023.12.20"]
[Round "10"]
[White "Md Imran"]
[Black "Neelash, Saha"]
[Result "0-1"]
[WhiteElo "2174"]
[BlackElo "2458"]
[PlyCount "106"]
[EventDate "2023.12.13"]
[EventType "swiss"]
[EventRounds "10"]
[EventCountry "IND"]
[SourceTitle "CB52_2023"]
[SourceDate "2023.12.27"]
[SourceVersion "1"]
[SourceVersionDate "2023.12.27"]
[SourceQuality "1"]

1. Nf3 Nf6 2. d4 e6 3. g3 b5 4. e3 Ba6 5. a4 b4 6. Bxa6 Nxa6 7. e4 d5 8. e5 Nd7 9. Bg5 Qc8 10. 0-0 c5 11. c4 dxc4 12. d5 Nc7 13. dxe6 Nxe6 14. Nbd2 h6 15. Be3 Be7 16. Nxc4 0-0 17. Nfd2 Nb6 18. Qg4 Rd8 19. f4 Nd5 20. Bf2 Nexf4 21. Qxc8 Ne2+ 22. Kg2 Raxc8 23. Rad1 f5 24. exf6 Bxf6 25. Rfe1 Nd4 26. Ne4 Be7 27. a5 Bf8 28. Kh3 Nc7 29. Ne5 Ncb5 30. Nc4 Re8 31. Kg2 Nc2 32. Re2 b3 33. Rdd2 Nbd4 34. Ned6 Bxd6 35. Rxe8+ Rxe8 36. Nxd6 Ne3+ 37. Bxe3 Rxe3 38. Nb7 Ne6 39. Kf2 Re5 40. Re2 Rf5+ 41. Kg2 Nd4 42. Re8+ Kh7 43. Re4 Nc2 44. g4 Rd5 45. Kf3 Na3 46. Ra4 Nb1 47. Ke3 Nd2 48. Nxc5 Rxc5 49. Kxd2 Rc2+ 50. Kd3 Rxb2 51. h4 Ra2 52. Rb4 Rxa5 53. Kc3 Ra6 0-1

[Event "Meghalaya op 1st"]
[Site "Shillong"]
[Date "2023.12.19"]
[Round "9"]
[White "Neelash, Saha"]
[Black "Kumaresh, A."]
[Result "1-0"]
[WhiteElo "2458"]
[BlackElo "1806"]
[PlyCount "73"]
[EventDate "2023.12.13"]
[EventType "swiss"]
[EventRounds "10"]
[EventCountry "IND"]
[SourceTitle "CB52_2023"]
[SourceDate "2023.12.27"]
[SourceVersion "1"]
[SourceVersionDate "2023.12.27"]
[SourceQuality "1"]

1. d4 Nf6 2. c4 g6 3. Nc3 Bg7 4. e4 d6 5. h3 Nbd7 6. Bd3 e5 7. d5 a5 8. Be3 0-0 9. a3 Nc5 10. Bc2 a4 11. g4 Bd7 12. Nge2 Qe8 13. Ng3 Kh8 14. f3 Ng8 15. h4 f5 16. exf5 gxf5 17. gxf5 Bh6 18. Bg5 b5 19. Nce4 Nb3 20. Bxb3 axb3 21. f6 Qg6 22. Qc1 Nxf6 23. Qe3 Ng8 24. cxb5 Ra5 25. Rc1 Rc8 26. b6 cxb6 27. Rxc8 Bxc8 28. Qxb6 Rxd5 29. Qd8 Be6 30. Ke2 Rd4 31. h5 Bc4+ 32. Kf2 Qf7 33. Bxh6 d5 34. Nd6 Qa7 35. Kg2 e4 36. Ngf5 exf3+ 37. Kg3 1-0

[Event "Meghalaya op 1st"]
[Site "Shillong"]
[Date "2023.12.14"]
[Round "3"]
[White "Mrinmoy, Rajkhowa"]
[Black "Neelash, Saha"]
[Result "0-1"]
[WhiteElo "1840"]
[BlackElo "2458"]
[PlyCount "80"]
[EventDate "2023.12.13"]
[EventType "swiss"]
[EventRounds "10"]
[EventCountry "IND"]
[SourceTitle "CB52_2023"]
[SourceDate "2023.12.27"]
[SourceVersion "1"]
[SourceVersionDate "2023.12.27"]
[SourceQuality "1"]

1. e4 c6 2. Nf3 d5 3. Nc3 dxe4 4. Nxe4 Nf6 5. Qe2 Nxe4 6. Qxe4 Qd5 7. Qh4 Qe6+ 8. Be2 Qg4 9. Qg3 Qxg3 10. hxg3 Bf5 11. b3 Nd7 12. Bb2 Nf6 13. 0-0-0 h6 14. Rde1 e6 15. Nd4 Bh7 16. Bf3 Bc5 17. Ne2 Be7 18. g4 0-0 19. Ng3 Rfd8 20. d3 Nd5 21. Be4 Bxe4 22. Nxe4 a5 23. a3 c5 24. a4 b5 25. axb5 a4 26. bxa4 Rxa4 27. g3 c4 28. d4 Ra5 29. Rh5 Rxb5 30. Reh1 Rdb8 31. Bc3 f5 32. gxf5 exf5 33. Rxf5 Rb1+ 34. Kd2 Nxc3 35. Rxb1 Nxe4+ 36. Ke3 Rxb1 37. Kxe4 Rc1 38. Kd5 Rxc2 39. Kc6 Rd2 40. Re5 c3 0-1

[Event "IND-ch 60th"]
[Site "Pune"]
[Date "2023.08.18"]
[Round "3"]
[White "Bhosale, Shriraj"]
[Black "Neelash, Saha"]
[Result "1/2-1/2"]
[WhiteElo "1930"]
[BlackElo "2435"]
[PlyCount "120"]
[EventDate "2023.08.16"]
[EventType "swiss"]
[EventRounds "11"]
[EventCountry "IND"]
[SourceTitle "EXT 2024"]
[Source "ChessBase"]
[SourceDate "2023.10.10"]
[SourceVersion "1"]
[SourceVersionDate "2023.10.10"]
[SourceQuality "1"]

1. Nf3 Nf6 2. g3 d5 3. Bg2 c5 4. 0-0 e6 5. d3 Nc6 6. Nbd2 Be7 7. e4 0-0 8. Re1 b5 9. e5 Nd7 10. Nf1 Qb6 11. Bf4 a5 12. h4 Ba6 13. N1h2 Rfc8 14. Ng5 h6 15. Ngf3 Ra7 16. Qd2 Nd4 17. c3 Nxf3+ 18. Bxf3 b4 19. Ng4 Bf8 20. c4 dxc4 21. dxc4 h5 22. Ne3 g6 23. g4 Qd8 24. Rad1 Qxh4 25. Ng2 Qh3 26. Re3 hxg4 27. Bb7 Rxb7 28. Rxh3 gxh3 29. Ne3 Bg7 30. Qd6 Nb8 31. b3 Rbc7 32. Qb6 g5 33. Bg3 Bf8 34. Ng4 Be7 35. Nf6+ Kf8 36. f4 Bb7 37. fxg5 Bc6 38. Rd6 Nd7 39. Qa6 Bxf6 40. exf6 e5 41. Qxa5 Kg8 42. Kh2 Kh7 43. a3 bxa3 44. Qxa3 Kg6 45. Qb2 Be4 46. Bxe5 Ra7 47. Rd2 Rca8 48. Bc3 Bf5 49. Rf2 Nf8 50. Qe2 Ne6 51. Qf3 Bb1 52. Bd2 Rh8 53. Be3 Ra3 54. Qd1 Be4 55. Bc1 Ra1 56. Qe2 Nxg5 57. Rf1 Rh5 58. Rg1 Rxc1 59. Rxc1 Nf3+ 60. Kg3 Ng5 1/2-1/2

[Event "IND-ch 60th"]
[Site "Pune"]
[Date "2023.08.16"]
[Round "1"]
[White "Harshad S, Parulekar"]
[Black "Neelash, Saha"]
[Result "0-1"]
[WhiteElo "1658"]
[BlackElo "2435"]
[PlyCount "64"]
[EventDate "2023.08.16"]
[EventType "swiss"]
[EventRounds "11"]
[EventCountry "IND"]
[SourceTitle "EXT 2024"]
[Source "ChessBase"]
[SourceDate "2023.10.10"]
[SourceVersion "1"]
[SourceVersionDate "2023.10.10"]
[SourceQuality "1"]

1. e4 c6 2. d4 d5 3. Nc3 dxe4 4. Nxe4 Nf6 5. Bd3 Qxd4 6. Ng5 Qd6 7. Ne2 Nbd7 8. Ng3 Nc5 9. 0-0 h6 10. N5e4 Nfxe4 11. Nxe4 Nxe4 12. Bxe4 Qxd1 13. Rxd1 e5 14. Re1 Be6 15. Bf3 Bd6 16. Be3 Ke7 17. g3 Rhd8 18. Rad1 f5 19. Bg2 Kf6 20. a3 g5 21. Bc1 Bc5 22. b3 Bd4 23. Bf3 Rd7 24. h4 Rad8 25. Kf1 gxh4 26. gxh4 f4 27. Rd3 Bf5 28. Be4 Bxe4 29. Rxe4 Kf5 30. f3 Ba1 31. Rxd7 Rxd7 32. Re1 Bc3 0-1

[Event "Thessaloniki op 3rd"]
[Site "Thessaloniki"]
[Date "2023.08.07"]
[Round "4"]
[White "Neelash, Saha"]
[Black "Kukelko, Alexey"]
[Result "1-0"]
[WhiteElo "2435"]
[BlackElo "2303"]
[PlyCount "70"]
[EventDate "2023.08.05"]
[EventType "swiss"]
[EventRounds "9"]
[EventCountry "GRE"]
[SourceTitle "CBM 215 Extra"]
[Source "ChessBase"]
[SourceDate "2023.09.30"]
[SourceVersion "1"]
[SourceVersionDate "2023.09.30"]
[SourceQuality "1"]

1. d4 Nf6 2. c4 e6 3. Nf3 d5 4. Nc3 c6 5. e3 Nbd7 6. Be2 dxc4 7. a4 Bd6 8. Nd2 0-0 9. Nxc4 Bc7 10. b3 Nd5 11. Bb2 a5 12. Bf3 b6 13. 0-0 Ba6 14. Qd2 N7f6 15. Ne2 Rc8 16. Ba3 c5 17. Rad1 h6 18. e4 Nb4 19. d5 exd5 20. exd5 Bxc4 21. bxc4 Be5 22. Nc3 Nd7 23. Be2 Qf6 24. Nb5 Bf4 25. Qb2 Be5 26. Qb3 Bxh2+ 27. Kxh2 Qe5+ 28. Kg1 Qxe2 29. Bb2 Rce8 30. Nd6 Rd8 31. Nf5 Ne5 32. Rfe1 Qxc4 33. Qg3 Ng6 34. Ne7+ Kh7 35. Nxg6 Rfe8 1-0

[Event "Thessaloniki op 3rd"]
[Site "Thessaloniki"]
[Date "2023.08.06"]
[Round "3"]
[White "Neelash, Saha"]
[Black "Tsarsitalidis, Christos"]
[Result "1-0"]
[WhiteElo "2435"]
[BlackElo "2022"]
[PlyCount "177"]
[EventDate "2023.08.05"]
[EventType "swiss"]
[EventRounds "9"]
[EventCountry "GRE"]
[SourceTitle "CBM 215 Extra"]
[Source "ChessBase"]
[SourceDate "2023.09.30"]
[SourceVersion "1"]
[SourceVersionDate "2023.09.30"]
[SourceQuality "1"]

1. d4 Nf6 2. c4 e6 3. Nf3 Bb4+ 4. Bd2 a5 5. e3 b6 6. Bd3 Bb7 7. Qc2 d5 8. a3 Be7 9. Nc3 Nbd7 10. Rc1 0-0 11. Na4 dxc4 12. Bxc4 c5 13. dxc5 Nxc5 14. Nxc5 Bxc5 15. Bc3 Qe7 16. Bd3 h6 17. e4 Rfd8 18. 0-0 Rxd3 19. Qxd3 Ba6 20. Qc2 Bxf1 21. Kxf1 Qb7 22. Bxf6 gxf6 23. Qc3 Kg7 24. Nd2 Rd8 25. Rc2 Qa6+ 26. Ke1 Rd3 27. Qc4 Qxc4 28. Nxc4 Rd4 29. f3 a4 30. Ke2 Kg6 31. Ne3 f5 32. exf5+ exf5 33. Nd1 Kg5 34. Nf2 Rd8 35. Nd3 Bg1 36. Rc6 f6 37. h3 Re8+ 38. Kf1 Be3 39. g3 b5 40. f4+ Kg6 41. Ne5+ Kg7 42. Rc7+ Kg8 43. Nf7 h5 44. Nh6+ Kh8 45. Nxf5 Bd2 46. Kf2 b4 47. Ra7 bxa3 48. bxa3 Re4 49. Kf3 Rc4 50. Ke2 Bc1 51. Kd3 Rc5 52. Ke4 Bxa3 53. Rxa4 Bb2 54. Ra8+ Kh7 55. Ra7+ Kh8 56. Rd7 Ra5 57. Nh4 Kg8 58. Ng6 f5+ 59. Kf3 Ra3+ 60. Kg2 Bf6 61. h4 Ra2+ 62. Kh3 Ra6 63. Rb7 Re6 64. Kg2 Re2+ 65. Kf3 Re6 66. Rb5 Kg7 67. Ne5 Ra6 68. Nc4 Kg6 69. Rd5 Bc3 70. Nd6 Ra5 71. Nxf5 Ra3 72. Ne3 Bb2 73. Rg5+ Kh6 74. Ke2 Bf6 75. Nf5+ Kh7 76. Rxh5+ Kg6 77. g4 Ra2+ 78. Kf3 Ra3+ 79. Kg2 Ra2+ 80. Kh3 Ra3+ 81. Ng3 Bd4 82. Rg5+ Kf7 83. Kg2 Ra2+ 84. Kf3 Ra3+ 85. Ke4 Bf6 86. Rf5 Ra4+ 87. Kd5 Ke7 88. g5 Bb2 89. Ne2 1-0

[Event "Thessaloniki op 3rd"]
[Site "Thessaloniki"]
[Date "2023.08.05"]
[Round "1"]
[White "Neelash, Saha"]
[Black "Sotiropoulos, Anastasios Theohar"]
[Result "1-0"]
[WhiteElo "2435"]
[BlackElo "1929"]
[PlyCount "75"]
[EventDate "2023.08.05"]
[EventType "swiss"]
[EventRounds "9"]
[EventCountry "GRE"]
[SourceTitle "CBM 215 Extra"]
[Source "ChessBase"]
[SourceDate "2023.09.30"]
[SourceVersion "1"]
[SourceVersionDate "2023.09.30"]
[SourceQuality "1"]

1. d4 d5 2. Bf4 Nf6 3. e3 c5 4. c3 Nc6 5. Nd2 cxd4 6. exd4 Bg4 7. Qb3 Qc8 8. Ngf3 e6 9. Bd3 Be7 10. 0-0 0-0 11. Rfe1 Bh5 12. Ne5 Bd6 13. Qc2 Qc7 14. Bg3 Rfc8 15. Rac1 Bg6 16. Nxg6 hxg6 17. Nf3 Bxg3 18. hxg3 Rab8 19. Qe2 a6 20. Ng5 Qd6 21. f4 Ne7 22. Nh3 b5 23. a3 Rc6 24. g4 Nd7 25. g3 f6 26. Kg2 Kf7 27. f5 e5 28. fxg6+ Ke8 29. Bf5 e4 30. Nf4 Nf8 31. Nh5 Nexg6 32. Nxg7+ Kd8 33. Qe3 Rb7 34. Nh5 Rh7 35. Rf1 Qe7 36. Bxg6 Nxg6 37. Rf5 Qf7 38. Rcf1 1-0

[Event "Kavala op 32nd"]
[Site "Kavala"]
[Date "2023.08.04"]
[Round "9"]
[White "Neelash, Saha"]
[Black "Subelj, Jan"]
[Result "1-0"]
[WhiteElo "2435"]
[BlackElo "2508"]
[PlyCount "63"]
[EventDate "2023.07.28"]
[EventType "swiss"]
[EventRounds "9"]
[EventCountry "GRE"]
[SourceTitle "CBM 215 Extra"]
[Source "ChessBase"]
[SourceDate "2023.09.30"]
[SourceVersion "1"]
[SourceVersionDate "2023.09.30"]
[SourceQuality "1"]

1. d4 Nf6 2. c4 e6 3. Nf3 Bb4+ 4. Bd2 Qe7 5. e3 Bxd2+ 6. Qxd2 d6 7. Nc3 0-0 8. Bd3 e5 9. Bc2 c6 10. 0-0-0 e4 11. Ng5 d5 12. f3 h6 13. h4 Re8 14. fxe4 hxg5 15. e5 Ne4 16. Bxe4 dxe4 17. hxg5 Qxg5 18. Nxe4 Qg4 19. Nd6 Rd8 20. Qc2 Qg6 21. Qf2 Rxd6 22. Qh4 Qh6 23. exd6 Qxh4 24. Rxh4 g5 25. Rh5 Bf5 26. Rdh1 Kg7 27. Rh8 b5 28. c5 g4 29. Rd8 Bh7 30. Rxh7+ Kxh7 31. d5 cxd5 32. c6 1-0

[Event "Kavala op 32nd"]
[Site "Kavala"]
[Date "2023.08.03"]
[Round "8"]
[White "Livaic, Leon"]
[Black "Neelash, Saha"]
[Result "1/2-1/2"]
[WhiteElo "2558"]
[BlackElo "2435"]
[PlyCount "150"]
[EventDate "2023.07.28"]
[EventType "swiss"]
[EventRounds "9"]
[EventCountry "GRE"]
[SourceTitle "CBM 215 Extra"]
[Source "ChessBase"]
[SourceDate "2023.09.30"]
[SourceVersion "1"]
[SourceVersionDate "2023.09.30"]
[SourceQuality "1"]

1. Nf3 Nf6 2. g3 b5 3. Bg2 Bb7 4. 0-0 e6 5. d3 d5 6. Nbd2 Be7 7. e4 c5 8. Re1 Nc6 9. exd5 exd5 10. a4 a6 11. Nb3 0-0 12. Bg5 Qb6 13. Nh4 h6 14. Bf4 Rfe8 15. Nf5 Bf8 16. Rxe8 Rxe8 17. axb5 axb5 18. Nd6 Rd8 19. Nxb7 Qxb7 20. Be3 Qb6 21. c3 b4 22. d4 Ne4 23. dxc5 Nxc5 24. Bxd5 bxc3 25. bxc3 Ne5 26. Ra5 Qc6 27. c4 Nxc4 28. Bxf7+ Kxf7 29. Qxd8 Nxa5 30. Nxa5 Qd7 31. Qa8 Ne6 32. Nc4 Kg8 33. Qe4 Nc7 34. Nb6 Qe6 35. Qb7 Qf7 36. Qc6 Ne8 37. Bd4 Nd6 38. Nd7 Nf5 39. Bb6 Bd6 40. g4 Qb3 41. Qc8+ Kf7 42. Ne5+ Bxe5 43. Qxf5+ Bf6 44. Qd7+ Kg8 45. Qe8+ Kh7 46. Qe4+ Kg8 47. Be3 Qf7 48. Kg2 Qe7 49. Qa8+ Qf8 50. Qc6 Qe7 51. h3 Qe5 52. Qc4+ Kh7 53. Qd3+ Kg8 54. f4 Qb2+ 55. Kg3 Qc3 56. Qd5+ Kh8 57. Qa8+ Kh7 58. Qe4+ g6 59. Qf3 Bd4 60. Bxd4 Qxd4 61. h4 Qg1+ 62. Kh3 Kg7 63. g5 Qb6 64. Qc3+ Kh7 65. gxh6 Qe6+ 66. Kg3 Qf7 67. h5 gxh5 68. f5 Kxh6 69. Kf4 Kh7 70. f6 Kg6 71. Qd3+ Kxf6 72. Qf5+ Kg7 73. Qxf7+ Kxf7 74. Kg5 Ke6 75. Kxh5 Ke5 1/2-1/2